London residential review (Record no. 119181)

MARC details
000 -LEADER
fixed length control field 00947cas a22002055a 4500
001 - CONTROL NUMBER
control field L143539
008 - FIXED-LENGTH DATA ELEMENTS--GENERAL INFORMATION
fixed length control field 080515c200u xxkmr wss s 0 a0eng u
035 ## - SYSTEM CONTROL NUMBER
System control number (Sirsi) u143539
041 0# - LANGUAGE CODE
Language code of text/sound track or separate title eng
110 2# - MAIN ENTRY--CORPORATE NAME
Corporate name or jurisdiction name as entry element Knight Frank
9 (RLIN) 1530
245 00 - TITLE STATEMENT
Title London residential review
Medium [electronic resource]
260 ## - PUBLICATION, DISTRIBUTION, ETC.
Place of publication, distribution, etc. London
Name of publisher, distributor, etc. Knight Frank
Date of publication, distribution, etc. 200?-
490 #0 - SERIES STATEMENT
Series statement London Residential Review
520 ## - SUMMARY, ETC.
Summary, etc. Provides a commentary on the London residential property market, including sales and lettings. Graphs show trends in various areas of the city and according to various sources. Includes focus on city lettings, prime and super-prime Central London. Comments on the future outlook.
554 ## -
-- Monthly
651 #4 - SUBJECT ADDED ENTRY--GEOGRAPHIC NAME
Geographic name London
690 ## - LOCAL SUBJECT ADDED ENTRY--TOPICAL TERM (OCLC, RLIN)
Topical term or geographic name as entry element PROPERTY-RESIDENTIAL PROPERTY-RESIDENTIAL PROPERTY MARKET
856 40 - ELECTRONIC LOCATION AND ACCESS
Uniform Resource Identifier <a href="https://www.knightfrank.com/research/ViewDetails.aspx?reportTitleid=155">https://www.knightfrank.com/research/ViewDetails.aspx?reportTitleid=155</a>
Public note View the item free of charge at www.knightfrank.com...
942 ## - ADDED ENTRY ELEMENTS (KOHA)
Suppress in OPAC 0
Holdings
Withdrawn status Lost status Source of classification or shelving scheme Damaged status Not for loan Home library Current library Shelving location Date acquired Total Checkouts Full call number Barcode Date last seen Copy number Price effective from Koha item type
    Dewey Decimal Classification     Virtual Virtual Online 15/05/2008   ONLINE PUBLICATION 143539-1001 06/08/2019 1 06/08/2019 Book